| 000 | 00826nam a2200217Ia 4500 | ||
|---|---|---|---|
| 005 | 20241129111026.0 | ||
| 008 | 241129s9999||||xx |||||||||||||| ||und|| | ||
| 020 | _a81-7587-004-4 (Vol.1 pb); 81-7587-044-3 (Vol.2 pb); 81-7587-069-9 (Vol.3 pb); 7587-135-0 (Vol.5 pb); 81-7587-192-X (Vol.6 pb); 81-7587-193-8 (Vol.7 pb); 81-7587-205-5 (Vol.8 pb); 978-81-7587-882-2 (Vol.9 pb) | ||
| 037 | _aREF | ||
| 040 |
_aCRL _beng _cCRL |
||
| 041 |
_aurd _2urd |
||
| 084 |
_aO168,6M98x P9.2-.7 (RR) _qCRL |
||
| 100 |
_aQasmi Abul Kalam Ed. _9171254 |
||
| 245 | 0 |
_aKulliyat-e-rasheed Ahmad Siddiqui _cQasmi Abul Kalam Ed. |
|
| 260 |
_aNew Delhi, India _bNCPUL _c2009 |
||
| 365 |
_aINR _b1165 |
||
| 490 | _vVol.2 | ||
| 650 |
_aUrdu Prose _926866 |
||
| 942 |
_cREF _hO168,6M98x P9.2-.7 (RR) |
||
| 999 |
_c1228589 _d1228589 |
||